| Tag |
First Indicator |
Second Indicator |
Subfields |
| LEADER |
00000cjm a2200000Ia 4500 |
| 001 |
in00002785880 |
| 005 |
20151202171600.0 |
| 007 |
sd fungnn|||ed |
| 008 |
100630s2010 nyurcnn d n eng d |
| 024 |
1 |
|
|a 093624967644
|
| 028 |
0 |
2 |
|a 523723
|b Sire/Decaydance
|
| 028 |
0 |
2 |
|a 523723-2
|b Sire/Decaydance
|
| 035 |
|
|
|a (OCoLC)ocn645260271
|
| 035 |
|
|
|a (OCoLC)645260271
|
| 037 |
|
|
|b Midwest Tape
|n http://www.midwesttapes.com
|
| 040 |
|
|
|a TEFMT
|c TEFMT
|d BKX
|d TEF
|d RLS
|d JP3
|d UtOrBLW
|
| 049 |
|
|
|a TXAM
|
| 050 |
|
4 |
|a M1630.18.R43
|b I5 2010
|
| 082 |
0 |
4 |
|a 782.42166
|a 781.66
|2 22
|
| 090 |
|
|
|a M1630.18.R426
|b I42 2010
|
| 100 |
0 |
|
|a Ready Set
|c (Musician)
|
| 245 |
1 |
0 |
|a I'm alive, I'm dreaming /
|c The Ready Set.
|
| 246 |
3 |
|
|a I am alive, I am dreaming
|
| 264 |
|
1 |
|a New York :
|b Sire/Decaydance,
|c [2010]
|
| 264 |
|
4 |
|c ℗2010
|
| 300 |
|
|
|a 1 sound disc :
|b digital ;
|c 4 3/4 in.
|
| 336 |
|
|
|a performed music
|b prm
|2 rdacontent
|
| 337 |
|
|
|a audio
|b s
|2 rdamedia
|
| 338 |
|
|
|a audio disc
|b sd
|2 rdacarrier
|
| 500 |
|
|
|a Compact disc.
|
| 511 |
0 |
|
|a The Ready Set (Jordan Witzigreuter) ; with acc.
|
| 505 |
0 |
0 |
|t Love like woe --
|t More than alive --
|t Limits --
|t Stays four the same --
|t There are days --
|t Spinnin' --
|t Melody's song --
|t Upsets and downfalls.
|
| 500 |
|
|
|a Lyrics inserted in container.
|
| 500 |
|
|
|a Sound recording.
|
| 650 |
|
0 |
|a Rock music
|y 2001-2010.
|
| 650 |
|
0 |
|a Alternative rock music.
|
| 948 |
|
|
|a cataloged
|b h
|c 2012/12/6
|d c
|e jstorlie
|f 12:48:38 pm
|
| 994 |
|
|
|a C0
|b TXA
|
| 999 |
|
|
|a MARS
|
| 999 |
f |
f |
|s 3d42158b-388d-311d-a572-f14ebc321140
|i 51dcfdca-8749-305e-8887-740c2f87fbfe
|t 0
|
| 952 |
f |
f |
|p ric
|a Texas A&M University
|b Rellis Campus
|c Joint Library Facility
|d Remote Storage
|t 0
|e M1630.18.R426 I42 2010
|h Library of Congress classification
|i audio -- audio disc
|m A14841621391
|
| 998 |
f |
f |
|a M1630.18.R426 I42 2010
|t 0
|l Remote Storage
|